00000000cas 2200000zi 4500
0019.963002
003CaOODSP
00520260601112326
006m     o  d f      
007cr cn ||||||||
008260522d19771984oncmr p o    f0### 0fre|d
022 |y0704-1675
040 |aCaOODSP|bfre|erda|cCaOODSP
041 |aeng|afre
043 |an-cn---
0861 |aRE31-2-PDF
24500|aMonthly report to Parliament on regional development incentives = |bRapport mensuel au Parlement sur les subventions au développement régional.
24631|aRapport mensuel au Parlement sur les subventions au développement régional
264 1|a[Ottawa] : |bGovernment of Canada, Regional Economic Expansion = Gouvernement du Canada, Expansion économique régionale, |c[1977-1984]
310 |aMensuel
336 |atexte|btxt|2rdacontent/fre
337 |ainformatique|bc|2rdamedia/fre
338 |aressource en ligne|bcr|2rdacarrier/fre
3621 |aParaît depuis : Janvier 1977; ne paraît plus après : Décembre 1984.
500 |aÉdition numérisée de l'imprimé [par Innovation, Sciences et Développement économique Canada].
546 |aTextes en anglais et en français sur des colonnes parallèles.
550 |aPublié par : Ministère de l'expansion industrielle régionale, décembre 1983-décembre 1984.
588 |aDescription d'après : Janvier 1977; titre de la page couverture du fichier PDF.
588 |aDernière livraison consultée : Décembre 1984.
650 6|aPromotion industrielle|zCanada|vPéridiques.
650 6|aSubventions|zCanada|vPériodiques.
655 7|aPériodiques|2rvmgf
7101 |aCanada. |bExpansion économique régionale, |eorganisme de publication.
7101 |aCanada. |bMinistère de l'expansion industrielle régionale, |eorganisme de publication.
78000|tRapport subventions au développement régional.|w(CaOODSP)9.963104
788 |tMonthly report to Parliament on regional development incentives = |eeng|w(CaOODSP)9.963003